La arquitectura mudejar.

Guardado en:
Formato: Deslizar
Materias:
Etiquetas: Agregar Etiqueta
Sin Etiquetas, Sea el primero en etiquetar este registro!
LEADER 00692ngm a22002055g 4500
001 CEM.cems022105
008 130507b1994##################0###0#####d
005 20241004145020.0
245 0 0 |a La arquitectura mudejar. 
300 |a 11'. 
500 |a En soporte VHS, consultar en ventanilla. 
505 0 |a Los mudéjares. Construcciones mudéjares. Primer período: románico de ladrillo. 
538 |a Soporte: VHS - Norma: Pal N - Color - Grabación DRD 1994 - Hitachi=4486 
082 7 5 |. 06/TRU 
653 |a ARTE 
653 |a ARQUITECTURA 
653 |a MUDEJARES 
653 |a ROMANICO 
653 |a NIVEL SECUNDARIO 
859 |a CEMS  |b BIB. CEMS - Depto. Recursos Didacticos  |h 759.06  |i TRU  |k DRD  |p 748.12  |t Ej.1